000
00293nam a22001337a 4500
008
181009b xxu||||| |||| 00| 0 eng d
020
_a
9780697145048
041
_a
eng
080
_a
610
100
_a
4
101
_a
SHM
245
_a
Life-Span Development
_c
Santrock, J.W
942
_2
udc
_c
BK
999
_c
49106
_d
49106